00545cam a22002171 4500001001300000003000400013005001700017008004100034010001700075035002000092040001800112042001200130050001700142100003500159245004000194260001100234300002700245500001600272650002200288999001700310sa 68013163 DLC20260227112620.0890714s1968 ii c 000 0 beno  asa 68013163  a(OCoLC)20010126 aDLCcWaUdDLC apremarc00aPK1704b.S371 aSarkar, Sudhir Chandra,d1892-10aĀmāra kāla, Āmāra deśa. c[1968] a204 p.bports.c23 cm. aIn Bengali. 0aAuthors, Bengali. c84968d84968